| 000 | 00793nam a22002297a 4500 | ||
|---|---|---|---|
| 005 | 20240530110437.0 | ||
| 008 | 150214s2009 ua g 000 f ara d | ||
| 017 |
_a2007/17946 _bمصر . دار الكتب المصرية |
||
| 020 | _a9771440829 | ||
| 040 | _aEG-CaGPL | ||
| 041 | 0 | _aara | |
| 082 | 0 | 4 |
_221 _a818.02\ _bع م |
| 100 | 0 | _aعزت السعدنى | |
| 245 | 1 | 2 |
_aالمقامات السعدنية فى الاحوال المصراوية / _cعزت السعدنى |
| 250 | _aط 1 | ||
| 260 |
_aالقاهرة : _bدار نهضة مصر ، _c2009 |
||
| 300 |
_a359 ص ؛ _c24 سم |
||
| 650 | 0 | 7 |
_aالادب العربى _xمقالات ومحاضرات |
| 651 | 0 | 4 |
_aمصر _xمقالات ومحاضرات |
| 942 |
_2ddc _cBK |
||
| 999 |
_c60970 _d60970 |
||